000
00328nam a2200145Ia 4500
008
230718s9999 xx 000 0 und d
041
_a
Eng.
082
_a
894.35
_b
KAM-N
100
_a
Kamal urman
245
0
_a
Nazam Hikmat
260
_a
Pakistan
_b
Jamhori Publications
_c
2012
300
_a
200
650
_a
Law
999
_c
31619
_d
31619